000 00482nam a2200169 a 4500
001 000033293
003 OSt
005 20240308073621.0
008 110823s1915 dr 000 0 spa d
040 _aDO-SdBNP
_bspa
_cBNPHU
082 4 _aRD863.4
_bC422c
100 1 _aCestero, Tulio M.,
_q(Tulio Manuel),
_d1877-1955
_91698
245 1 3 _aEl canto del cisne /
_cManuel F. Cestero.
260 _aNew York :
_bImp. Las Novedades,
_c1915.
300 _a63 p. ;
_c22 cm.
942 _2ddc
_cLBS1
999 _c32784
_d32784